Arbeitsbuch zu den Grundzügen der mikroökonomischen Theorie
Salvato in:
| Autore principale: | |
|---|---|
| Altri autori: | |
| Natura: | Libro |
| Lingua: | tedesco |
| Pubblicazione: |
Berlin
Springer
1982
|
| Tags: |
Nessun Tag, puoi essere il primo ad aggiungerne!!
|
MARC
| LEADER | 00000nam a2200000 4500 | ||
|---|---|---|---|
| 001 | c127070 | ||
| 005 | 20221220095628.3 | ||
| 041 | 0 | |a ger | |
| 044 | |a DE | ||
| 245 | 1 | 0 | |a Arbeitsbuch zu den Grundzügen der mikroökonomischen Theorie |c Ulrich Meyer, Jochen Diekmann |
| 264 | 1 | |a Berlin |b Springer |c 1982 | |
| 300 | |a 250 s. | ||
| 100 | 1 | |a Meyer, Ulrich | |
| 700 | 1 | |a Diekmann, Jochen | |